00825nam a22002057a 4500003000500000005001700005008004100022010001000063011001000073035001100083040000900094100003400103245015100137260004100288300005600329502008900385650003500474650005700509650005300566CHAP20220329143145.0060905d2006 mx r 00110 spa d a92643 a93615 a104195 cCHAP1 aIbarra Medina, José Manuel.10aEstablecimiento del Parque Ecológico Agua Tibia - Jeroche, de Puruándiro, Mich.; en área natural protegidac/por José Manuel Ibarra Medina aChapingo, Méx. :bEl autor,c2006. a90 h. :bilus.; gráfs.; cuadros, diagramas, mapas aTesis (Ing. en Restauración Forestal) - - UACH. División de Ciencias Forestales.14aÁreas protegidasxMichoacan.14aParque Ecológico Agua TibiaxJeroche, Michoacán.14aRecursos naturalesxConservaciónxMichoacán.